000 00574cam a22002053a 4500
001 44612
003 PGUSA
005 20140828084022.0
008 140107s2014||||xxu|||||s|||||000 | eng d
040 _aPGUSA
_beng
042 _adc
100 1 _aGumpert, Martin,
_d1897-1955
245 1 0 _aVerkettung :
_bGedichte
_h[electronic resource] /
_cMartin Gumpert
260 _bProject Gutenberg,
_c2014
506 _aPublic domain in the USA.
516 _aElectronic text
830 0 _aProject Gutenberg
_v44612
856 4 0 _uhttp://www.gutenberg.org/ebooks/44612
942 _cEB
999 _c273863
_d273863